Παγκόσμιο Κύπελλο FIFA 2018 Ομάδες - Statistics

General Stats
  • This quiz has been taken 27 times
    17 since last reset
  • The average score is 20 of 32
Answer Stats
Όμιλος Ομάδα % Correct
Όμιλος Γ' Γαλλία
100%
Όμιλος Δ' Αργεντινή
100%
Όμιλος Β' Ισπανία
88%
Όμιλος Β' Πορτογαλία
88%
Όμιλος Ε' Βραζιλία
88%
Όμιλος Ζ' Αγγλία
88%
Όμιλος Α' Ρωσία
81%
Όμιλος ΣΤ' Γερμανία
81%
Όμιλος Α' Ουρουγουάη
75%
Όμιλος Η' Κολομβία
75%
Όμιλος Γ' Δανία
69%
Όμιλος Δ' Κροατία
69%
Όμιλος Η' Ιαπωνία
69%
Όμιλος ΣΤ' Μεξικό
69%
Όμιλος Β' Ιράν
63%
Όμιλος Β' Μαρόκο
63%
Όμιλος Ε' Σερβία
63%
Όμιλος Η' Πολωνία
63%
Όμιλος ΣΤ' Σουηδία
63%
Όμιλος Α' Σαουδική Αραβία
56%
Όμιλος Γ' Αυστραλία
50%
Όμιλος Γ' Περού
50%
Όμιλος Ε' Ελβετία
50%
Όμιλος Ζ' Βέλγιο
50%
Όμιλος ΣΤ' Νότια Κορέα
50%
Όμιλος Α' Αίγυπτος
44%
Όμιλος Δ' Ισλανδία
44%
Όμιλος Δ' Νιγηρία
44%
Όμιλος Ε' Κόστα Ρίκα
38%
Όμιλος Ζ' Τυνησία
31%
Όμιλος Η' Σενεγάλη
31%
Όμιλος Ζ' Παναμάς
25%
No matching quizzes found
Score Distribution
Percent of People with Each Score
Percentile by Number Answered
Your Score History
You have not taken this quiz since the last reset